00679nam a2200193 a 450000100100000000500170001000800410002704000250006808200200009311100720011324500490018524600370023426000450027130000280031665000380034465000270038265000520040971000240046100000835820200929161331.0090916s1995 dr a 000 p spa d aDO-SdBNPbspacBNPHU aRD863.44bA634c2 aConcurso de cuentos Radio Santa Marían(2do :d1994 :c[La Vega])10aAntología :b2do concurso de cuentos 1994.12aSegundo concurso de cuentos 1994 aSanto Domingo :bAmigo del Hogar,c1995. a113 p. :bil. ;c23 cm. 4aCuentos dominicanosxAntologías 4aLiteratura dominicanos 4aCertámenes literarioszRepública Dominicana2 aRadio Santa María